Представление документа в формате RUSMARC

ПолеНазваниеЗначение
  Тип записи i
  Библиографический уровень m
001 Контрольный номер RU/SLIB/B/251391064
005 Дата корректировки 20260312144847.4
010 Индекс ISBN __
a ISBN 5-9677-0335-7 (в кор.)
d Цена 100-00; 184-67, 123-31
100 Данные общей обработки __
a Данные общей обработки 20211202d2006 am y0rusy028902 ca
101 Язык документа 0_
a Язык текста rus
102 Страна публикации __
a Страна публикации RU
127 Кодированные данные (звукозаписи-физические характеристики) __
a Продолжительность проигрывания 02 ч 30 мин
200 Заглавие и сведения об ответственности 1_
a Заглавие Петропавловская крепость. Санкт-Петербург
e Сведения, относящиеся к заглавию аудиоэкскурсия : длина маршрута: 2 км
f Первые сведения об ответственности текст: О. Слепенкова, Е. Калинина ; фото: С. Баричев, П. Соболев ; диктор М. Берлина ; звукорежиссер Е. Кирцидели
203 Вид содержания и тип средства __
a Вид содержания Устная речь
c Тип средства аудио
210 Выходные данные 1_
a Место издания Москва
c Издательство 1С-Паблишинг
d Дата издания 2006
215 Физическое описание __
a Объем 1 электрон. опт. диск (CD-ROM)
d Формат 12 см
225 Серия 2_
a Серия Audiogid.ru. Сам себе экскурсовод
225 Серия 2_
a Серия Аудиоэкскурсия
225 Серия 2_
a Серия 1С: Аудиокниги
300 Общие примечания __
a Общие примечания Заглавие с этикетки диска
300 Общие примечания __
a Общие примечания Формат записи: MP3
330 Аннотация __
a Аннотация Аудиоэкскурсия - самый удобный и доступный способ познакомиться с городом. Каждой остановке маршрута соответствует один МР3-трек. Перейдя в очередную точку маршрута, вы просто включаете на плеере трек с соответствующим номером. Маршрут аудиоэкскурсии можно пройти в любое удобное время, в том числе по частям. Аудиоэкскурсия посвящена одному из главных туристических объектов Санкт-Петербурга. Крепость, основанная Петром Великим, дала имя и жизнь новому городу, надежно защитила невские берега от посягательств. История «Петропавловки» многослойна - это и образец европейской фортификации XVIII века, и бывшая тюрьма для политзаключенных, и место упокоения всех российских императоров и членов императорской семьи. Петропавловский собор, Заячий остров, Трубецкой бастион, Невские ворота, Алексеевский равелин, Комендантская пристань - эти слова наполнены историей великого города, приобщиться к которой может любой желающий.
337 Примечание о системных требованиях (электронные ресурсы) __
a Примечание о системных требованиях (электронные ресурсы) Системные требования: MS Windows ; Pentium II, 333 МГц ; RAM 128 Мб ; SVGA, 800х600 ; CD-ROM ; звуковая карта ; колонки или наушники ; мышь
517 Другие варианты заглавия 1_
a Другие варианты заглавия Санкт-Петербург
605 Заглавие как предмет __
a Заглавие Петропавловская крепость
605 Заглавие как предмет __
a Заглавие Иоанновский мост
605 Заглавие как предмет __
a Заглавие Петровские ворота
605 Заглавие как предмет __
a Заглавие Великокняжеская усыпальница
605 Заглавие как предмет __
a Заглавие Памятник Петру
605 Заглавие как предмет __
a Заглавие Невские ворота
605 Заглавие как предмет __
a Заглавие Комендантская пристань
605 Заглавие как предмет __
a Заглавие Нарышкин бастион
605 Заглавие как предмет __
a Заглавие Тюрьма Трубецкого бастиона
605 Заглавие как предмет __
a Заглавие Алексеевский равелин
605 Заглавие как предмет __
a Заглавие Зотов бастион
605 Заглавие как предмет __
a Заглавие Соборная площадь
605 Заглавие как предмет __
a Заглавие Петропавловский собор
606 Тематические рубрики __
a Основная рубрика История
y Географическая подрубрика Санкт-Петербург
606 Тематические рубрики __
a Основная рубрика История России в целом
606 Тематические рубрики __
a Основная рубрика Изобразительное искусство и архитектура
606 Тематические рубрики __
a Основная рубрика Архитектура в целом
y Географическая подрубрика Санкт-Петербург
610 Ключевые слова 0_
a Ключевые слова виртуальные экскурсии
610 Ключевые слова 0_
a Ключевые слова экскурсии
610 Ключевые слова 0_
a Ключевые слова туристические маршруты
610 Ключевые слова 0_
a Ключевые слова памятники истории
610 Ключевые слова 0_
a Ключевые слова памятники культуры
610 Ключевые слова 0_
a Ключевые слова исторические памятники
610 Ключевые слова 0_
a Ключевые слова персоналии
610 Ключевые слова 0_
a Ключевые слова памятные места
610 Ключевые слова 0_
a Ключевые слова достопримечательности
610 Ключевые слова 0_
a Ключевые слова аудиоэкскурсии
686 Индексы других классификаций __
a Классификационный индекс 63.3(2-2Санкт-Петербург)я04
686 Индексы других классификаций __
2 Код системы rubbks
a Классификационный индекс 85.113(2-2Санкт-Петербург)я04; ст63.3(2-2Санкт-Петербург)я0 + ст85.113(2-2Санкт-Петербург)я0
701 Альтернативная интеллектуальная ответственность _1
a Фамилия Слепенкова
b Имя О.
4 Код отношения 070
701 Альтернативная интеллектуальная ответственность _1
a Фамилия Калинина
b Имя Е.
4 Код отношения 070
702 Вторичная интеллектуальная ответственность _1
a Фамилия Баричев
b Имя С.
4 Код отношения Фотограф
4 Код отношения 600
702 Вторичная интеллектуальная ответственность _1
a Фамилия Соболев
b Имя П.
4 Код отношения Фотограф
4 Код отношения 600
702 Вторичная интеллектуальная ответственность _1
a Фамилия Кирцидели
b Имя Е.
4 Код отношения Звукорежиссер
4 Код отношения 570
702 Вторичная интеллектуальная ответственность _1
a Фамилия Берлина
b Имя М.
4 Код отношения Прочие
4 Код отношения 570
801 Источник записи _0
a Страна RU
b Организация Муниципальное бюджетное учреждение культуры "Централизованная библиотечная система" г. Сургут (Центральная городская библиотека им. А. С. Пушкина)
g Правила каталогизации PSBO
801 Источник записи _1
a Страна RU
b Организация Муниципальное бюджетное учреждение культуры "Централизованная библиотечная система" г. Сургут (Центральная городская библиотека им. А. С. Пушкина)
g Правила каталогизации PSBO
852 Данные о местонахождении __
j Шифр хранения 63.3(2-2Санкт-Петербург)я04
i Авторский знак П 31
901 Тип документа __
t Тип документа 0
a Ответственный КиК/Котельникова
903 Характеристики (МАРС) __
a Дата передачи 20200525; 20140120; 20071220
911 __
u 336a=Устная речь
911 __
u 337a=аудио
969 Тип издания __
a Тип издания аудиокнига
a Тип издания издание для слепых
990 Данные о заказе (DOS) __
j Количество экземпляров (DOS) 1; 9; 1
h N записи в КСУ для Б/У (DOS) 200801
t N записи в КСУ для И/У (DOS) 202004; 201401